| 000 | 01291pam a2200337 a 4500 | ||
|---|---|---|---|
| 001 | 548540 | ||
| 003 | OSt | ||
| 005 | 20210417102725.0 | ||
| 008 | 880726s1989 ilu b 001 0 eng | ||
| 010 | _a 88020798 | ||
| 020 | _a0226733386 | ||
| 020 | _a0226733394 (pbk.) | ||
| 040 |
_aDLC _cDLC _dDLC |
||
| 043 | _ad------ | ||
| 050 | 0 | 0 |
_aHJ8899 _b.D482 1989 |
| 080 |
_a33 _bS-11 |
||
| 082 | 0 | 0 |
_a336.3/435/091724 _219 |
| 245 | 0 | 0 |
_aDeveloping country debt and the world economy / _cedited by Jeffrey D. Sachs. |
| 260 |
_aChicago : _bUniversity of Chicago Press, _cc1989. |
||
| 300 |
_axi, 335 p. : _biil. ; _c24 cm. |
||
| 440 | 2 | _aA National Bureau of Economic Research project report | |
| 504 | _aIncludes bibliographies and indexes. | ||
| 650 | 0 |
_aDebts, External _zDeveloping countries. |
|
| 650 | 0 | _aInternational finance. | |
| 653 |
_aსაერთაშორისო ფინანსები _aგანვითარებადი ქვეყნები |
||
| 700 | 1 | _aSachs, Jeffrey. | |
| 856 | 4 | 2 |
_3Publisher description _uhttp://www.loc.gov/catdir/enhancements/fy0642/88020798-d.html |
| 856 | 4 | 1 |
_3Table of contents only _uhttp://www.loc.gov/catdir/enhancements/fy0642/88020798-t.html |
| 906 |
_a7 _bcbc _corignew _d1 _eocip _f19 _gy-gencatlg |
||
| 942 |
_2udc _cBK |
||
| 999 |
_c155 _d155 |
||